000 00426nam a2200145Ia 4500
003 OSt
005 20260129125032.0
008 211028s2018 xx 000 0 und d
040 _cAIMIT LIBRARY
041 _aeng
100 _aNesara H S; James, Justine.
_g1616121
_97876
245 _aStudy on inter plant transfer and secondary sales at VISL Bhadravathi /
260 _aMangalore
_bJustline James.
_c2018
942 _2ddc
_cPRO
999 _c219444
_d219444